000 00582nam a2200181Ia 4500
008 090124s9999 xx 000 0 und d
082 _b122532
100 _aओक चारुशीला
245 _a आणि डॉ.काशिनाथ घाणेकर
250 _a1
260 _c1988
300 _a211
600 _aओक चारुशीला
630 _a आणि डॉ.काशिनाथ घाणेकर
700 _aओक चारुशीला
730 _a आणि डॉ.काशिनाथ घाणेकर
942 _cBOOK
999 _c168618
_d168618